Zlatá priadka 2009 38. celoštátna súťažná prehliadka detskej dramatickej tvorivosti

Bulletin obsahuje podrobné informácie o prehliadke detskej dramatickej tvorby Zlatá priadka: úvodník primátora mesta Šaľa Martina Alföldiho, program, podrobný rozpis divadelných predstavení (súborov, účinkujúcich, realizátorov), fotografie súborov a predstavení, adresár účinkujúcich a fotografie víť...

Full description

Bibliographic Details
Other Authors: Štefková, Alexandra (Publishing director), Jurovatý, Tomáš (Photographer)
Format: Serial
Language:Slovak
Published: Bratislava Národné osvetové centrum 2009
Subjects:

MARC

LEADER 00000nas a22000007u 4500
001 vtls011614212
003 SK-MaSNL
005 20260331210549.0
008 170228s |||| d
038 |a Chránený 
038 |a Sprístupnenie nie je možné 
041 |a slo 
044 |a xo 
080 |a (055)  |2 2001 
100 1 |a Štefková, Alexandra  |4 pbd  |9 275950 
245 1 0 |b 38. celoštátna súťažná prehliadka detskej dramatickej tvorivosti  |a Zlatá priadka 2009 
260 |c 2009  |b Národné osvetové centrum  |a Bratislava 
300 |b farebný; ilustrovaný; fotografie  |c 14,5x20,6 cm  |a 36 str. 
500 |a Chránený 
500 |a Sprístupnenie nie je možné 
520 |a Bulletin obsahuje podrobné informácie o prehliadke detskej dramatickej tvorby Zlatá priadka: úvodník primátora mesta Šaľa Martina Alföldiho, program, podrobný rozpis divadelných predstavení (súborov, účinkujúcich, realizátorov), fotografie súborov a predstavení, adresár účinkujúcich a fotografie víťazov Zlatej priadky 2008. V bulletine sú použité čiernobiele fotografie, predná a zadná obálka sú farebné. Na zadnej obálke sa nachádzajú logá organizátorov a spoluorganizátorov súťažnej prehliadky. Na úvodnej strane sa nachádza obrázok knihy Zlatá priadka Márie Ďuríčkovej z vydavateľstva Mladé letá. 
541 |e 100172 
630 |a Zlatá Priadka  |9 275951 
648 7 |a 25052009 - 27052009  |9 275952 
650 |a divadlá  |2 SNKPH  |9 29113 
650 0 7 |a celoštátna prehliadka  |9 275953 
650 0 7 |a detský dramatický súbor  |9 275954 
650 0 7 |a amatérske divadlo  |9 3348 
651 7 |a Šaľa (Slovensko)  |2 SNKPH  |9 27574 
655 7 |a NOC BL0001  |x 100172  |9 275955 
655 7 |a bulletin  |9 275956 
700 1 |a Štefková, Alena  |4 lso  |9 5229 
700 1 |a Vrablicová, Katarína  |4 pfr  |9 265678 
700 1 |a Maťašíková, Viera  |4 bkd  |9 275957 
700 1 |a Jurovatý, Tomáš  |4 pht  |9 275958 
850 |a NOC 
850 |b NOC 
982 |a bulletin 
999 |c 13639  |d 15569 
952 |a SNK  |b SNK  |y NEVYP  |7 0  |p 3879000289  |o NOC BL0001  |i 100172  |f 1  |0 0  |1 0  |4 0  |d 2017-02-28  |l 0  |r 2026-02-21 21:55:49  |w 2026-02-21